Estadísticas para Ganadores del Balón de Oro por Década

Haz click aquí para intentar la prueba.

Estadísticas generales

  • Esta prueba ha sido intentada 1.567 veces
  • La puntuación promedio es 12 de 20

Estadísticas de respuestas

HintRespuesta% Correcto
Cristiano Ronaldo
92%
Lionel Messi
91%
Franz Beckenbauer
71%
Luís Figo
71%
Ronaldinho
71%
Roberto Baggio
69%
Johan Cruyff
68%
Rivaldo
58%
Gerd Müller
56%
Paolo Rossi
56%
Michel Platini
55%
Hristo Stoichkov
53%
George Weah
50%
Ruud Gullit
47%
Karl-Heinz Rummenigge
46%
Michael Owen
46%
Kevin Keegan
45%
Allan Simonsen
43%
Lothar Matthäus
40%
Zinedine Zidane
35%

Distribución de puntuación

Porcentaje por número respondido

Porcentaje de gente con cada puntuación

Historial de tus puntuaciones

No has intentado esta prueba.